| 000 | 00597cam a22002411 4500 | ||
|---|---|---|---|
| 001 | sa 68019446 | ||
| 003 | DLC | ||
| 005 | 20260227112717.0 | ||
| 008 | 890807s1964 ce 000 0 sino | ||
| 010 | _asa 68019446 | ||
| 035 | _a(OCoLC)20136184 | ||
| 040 |
_aDLC _cWaU _dDLC |
||
| 042 | _apremarc | ||
| 043 | _aa-ce--- | ||
| 050 | 0 | 0 |
_aGR306 _b.W53 |
| 100 | 1 |
_aWijesekera, Nandadeva, _d1909- |
|
| 245 | 1 | 0 | _aSivpada hā samājaya. |
| 260 | _c[1964] | ||
| 300 |
_a8, 70 p. _c22 cm. |
||
| 500 | _aIn Sinhalese. | ||
| 650 | 0 |
_aFolklore _zSri Lanka. |
|
| 650 | 0 | _aFolk literature, Sinhalese. | |
| 999 |
_c88887 _d88887 |
||